00349 2200157 4500001002100000008004100021035002000062245002000082100000900102250000600111260003000117084001400147082000800161650001000169990001200179INLIS000000000001550 ind  a0010-0125000048 aDewa RucicHaes aHaes a1 aSurabaya :bStamatuc2011 a800 HAE d a800 aFiksi a0715299